| 000 | 01522nam0a2200385 4500 | ||
|---|---|---|---|
| 001 | RU\NLR\BIBL_A\012634203 | ||
| 005 | 20220317124136.0 | ||
| 010 | _a978-5-6044819-9-8 | ||
| 021 |
_aRU _bКН-П-21-024956 _9КН-П-21-1934 |
||
| 035 | _a(NLR Aleph) 012634203 | ||
| 090 |
_a12676119 _c12676119 |
||
| 100 | _a20211028d2020 u y0rusy50 ca | ||
| 101 | 0 | _arus | |
| 102 | _aRU | ||
| 105 | _aach|z|||000zd | ||
| 181 | 0 |
_ai3 _baxxe |
|
| 181 | 0 |
_ab1 _bxb2e |
|
| 182 | 0 | _an | |
| 200 | 1 |
_aКортик в награду _e[наградное оружие офицеров российского флота] _fО.И. Андрус |
|
| 203 |
_aТекст _aИзображение _bвизуальные _cнепосредственные |
||
| 210 |
_a[Б. м. _cб. и.] _dcop. 2020 |
||
| 215 |
_a503 с. _cцв. ил., портр., факс., табл. _d31 |
||
| 300 | _aЗагл. обл.: Наградное оружие: кортик в награду | ||
| 309 | _aКн. в футляре | ||
| 512 | 1 | _aНаградное оружие: кортик в награду | |
| 606 | 1 |
_aНаградные кортики _92327054 _3RU\NLR\AUTH\6601616245 |
|
| 606 | 1 |
_aНаграждённые именными кортиками _92327645 _3RU\NLR\AUTH\6601616543 |
|
| 686 | 1 | _aЦ908г(2) | |
| 686 | 1 | _aЦ4,8(2)243.7 | |
| 700 | 1 |
_aАндрус _bО. И. _gОлег Иванович |
|
| 942 | _cBOOK | ||
| 980 | _aNBR | ||
| 980 | _aNB | ||